Statistiques concernant Les joueurs d'Amérique du sud passés par le psg

Cliquez ici pour prendre le quiz!

Statistiques générales

  • Ce quiz a été pris 71 fois
  • Le résultat moyen est 18 sur 57

Statistiques - réponses

DatePostePaysRéponse% Correct
2019 -GardienCosta RicaKeylor Navas
95%
2017 - 2023AttaquantBrésilNeymar
89%
2012 - 2020DéfenseurBrésilThiago Silva
88%
2013 -DéfenseurBrésilMarquinhos
86%
2021 - 2023AttaquantArgentineLionel Messi
79%
2001 - 2003MilieuBrésilRonaldinho
74%
2013 - 2020AttaquantUruguayEdinson Cavani
73%
2015 - 2022MilieuArgentineÁngel Di María
70%
2013 - 2018MilieuBrésilLucas
62%
2012 - 2017DéfenseurBrésilMaxwell
62%
2014 - 2016DéfenseurBrésilDavid Luiz
61%
1993 - 1998MilieuBrésilRaí
61%
2011 - 2018MilieuArgentineJavier Pastore
59%
2012 - 2014DéfenseurBrésilAlex
58%
2019 -MilieuArgentineLeandro Paredes
58%
2012 - 2016AttaquantArgentineEzequiel Lavezzi
56%
2019 - 2023AttaquantArgentineMauro Icardi
53%
2010 - 2012MilieuBrésilNenê
52%
2017 - 2019DéfenseurBrésilDani Alves
50%
2023 -AttaquantUruguayManuel Ugarte
41%
2016 - 2019MilieuArgentineGiovani Lo Celso
39%
2011 - 2013DéfenseurUruguayDiego Lugano
35%
2004 - 2008DéfenseurColombieMario Yepes
35%
2001 - 2003DéfenseurArgentineMauricio Pochettino
33%
2020 - 2022MilieuBrésilRafinha
33%
2001 - 2004DéfenseurArgentineGabriel Heinze
30%
1991 - 1995MilieuBrésilValdo
30%
1996 - 1997MilieuBrésilLeonardo
20%
2007 - 2012DéfenseurBrésilMarcos Ceará
20%
1991 - 1995DéfenseurBrésilRicardo
20%
1999 - 2001AttaquantBrésilChristian
15%
2003 - 2004DéfenseurArgentineJuan Pablo Sorín
12%
2002 - 2007MilieuBrésilPaulo César
12%
2001 - 2005AttaquantBrésilReinaldo
12%
2001 - 2003AttaquantBrésilAloísio
11%
1977 - 1979AttaquantArgentineCarlos Bianchi
11%
2005 - 2007MilieuUruguayCristian Rodríguez
11%
2000 - 2001MilieuBrésilVampeta
11%
1998 - 1999AttaquantBrésilAdaílton
9%
2005 - 2007AttaquantUruguayCarlos Bueno
9%
2008 - 2012AttaquantBrésilÉverton Santos
9%
2001 - 2002AttaquantBrésilAlex Dias
8%
2002 - 2003MilieuBrésilAndré Luiz
8%
2006 - 2008MilieuArgentineMarcelo Gallardo
8%
2002 - 2004AttaquantArgentineMartín Cardetti
8%
1985 - 1986AttaquantArgentineOmar da Fonseca
8%
1982 - 1982MilieuArgentineOsvaldo Ardiles
8%
1991 - 1992DéfenseurBrésilGeraldão
6%
1995 - 1997AttaquantPanamaJulio Dely Valdés
6%
1979 - 1981DéfenseurBrésilAbel
5%
1999 - 2000DéfenseurBrésilCésar Belli
3%
1987 - 1990MilieuArgentineGabriel Calderón
3%
2007 - 2008MilieuBrésilWillamis Souza
3%
1997 - 1998MilieuBrésilEdmilson
2%
1971 - 1972DéfenseurBrésilJoel Camargo
2%
1973 - 1974AttaquantBrésilArmando Monteiro
0%
1977 - 1979DéfenseurArgentineRamón Heredia
0%

Distribution des résultats

Percentile par nombre de réponses

% des personnes avec chaque résultat

Votre développement - résultats

Vous n’avez pas pris ce quiz